000 00528nam a2200169Ia 4500
008 180921t2016 xxu||||| |||| 00| 0 sin d
041 _asin
080 _a294.3
_bKAT
100 _aSarathchandra Amarathunga
_eed.
245 _aකතා වස්තු සහිත සම්පූර්ණ ධම්මපදය
246 _aKatha Wasthu Sahitha Sampurna Dharma Padaya
260 _bSahitha Poth Piyasa
_aMaharagama
_c2016
300 _b336p, 22cm
942 _cBK
999 _c2965
_d2965
003 LK-CoDNM
040 _aLK-CoDNM
_dLK-CoDNM
_eLK-CoDNM